Retirement of the National Debt : Will It Increase the Economic Size of the Federal Government?

Considers the retirement of the national debt and its potential to increase the economic size of the Federal government. Discusses budget surpluses and future transfer payments, and second order effects on Gross Domestic Product.

Bibliographic Details
Corporate Authors: Library of Congress. Congressional Research Service, ProQuest (Firm)
Format: eBook
Language:English
Published: [Place of publication not identified] : [publisher not identified], 2000.
Series:U.S. Congressional Research.
Subjects:
Online Access:Connect to the full text of this electronic book

MARC

Tag First Indicator Second Indicator Subfields
LEADER 00000cam a22000001a 4500
001 in00003351721
006 m d f
007 cr bn mmmapmmp
008 100720s2000 dcu o f000 0 eng d
005 20260430204644.7
035 |a cis2007895261 
040 |a ProQuest  |c ProQuest  |d UtOrBLW 
043 |a n-us--- 
099 |a CRS-2000-GVF-0113 
110 2 |a Library of Congress.  |b Congressional Research Service. 
245 1 0 |a Retirement of the National Debt :  |b Will It Increase the Economic Size of the Federal Government? 
264 1 |a [Place of publication not identified] :  |b [publisher not identified],  |c 2000. 
300 |a 1 online resource. 
336 |a text  |b txt  |2 rdacontent 
337 |a computer  |b c  |2 rdamedia 
338 |a online resource  |b cr  |2 rdacarrier 
500 |a Record is based on bibliographic data in ProQuest U.S. Congressional Research Digital Collection (last viewed July 2010). Reuse except for individual research requires license from ProQuest, LLC. 
500 |a CRS Report. 
520 |a Considers the retirement of the national debt and its potential to increase the economic size of the Federal government. Discusses budget surpluses and future transfer payments, and second order effects on Gross Domestic Product. 
500 |a Electronic resource. 
650 0 |a Budget  |z United States. 
650 0 |a Fiscal policy. 
650 0 |a Gross domestic product. 
655 7 |a Electronic books.  |2 local 
710 2 |a ProQuest (Firm) 
776 0 8 |i Microfiche version:   |a Library of Congress. Congressional Research Service.  |t Retirement of the National Debt: Will It Increase the Economic Size of the Federal Government? 
830 0 |a U.S. Congressional Research. 
856 4 0 |u http://proxy.library.tamu.edu/login?url=https://congressional.proquest.com/congcomp/getdoc?CRDC-ID=CRS-2000-GVF-0113  |z Connect to the full text of this electronic book  |t 0 
999 |a MARS 
999 f f |s 45521a4c-46fe-32cb-86b0-b591342ed36b  |i b0f28c59-09b3-3dc9-a790-012bfd1617fd  |t 0 
952 f f |a Texas A&M University  |b College Station  |c Electronic Resources  |s www_evans  |d Available Online  |t 0  |e CRS-2000-GVF-0113  |h Other scheme 
998 f f |a CRS-2000-GVF-0113  |t 0  |l Available Online